000 00718nam a22001691cc4500
001 aaaadap+12-1
035 _aaaaadap
008 170707s1995 gw |||| 000u ger d
245 0 0 _aAkten zur deutschen auswärtigen Politik 1918-1945
_n12/1
_pDie Kriegsjahre (Fünfter Band, erster Halbband) : 1. Februar bis 5. April 1941
264 _aGöttingen :
_bVandenhoeck & Ruprecht,
_c1995
246 1 2 _aAkten zur deutschen auswärtigen Politik 1918-1945. Die Kriegsjahre (Fünfter Band, erster Halbband) : 1. Februar bis 5. April 1941
_n12/1
773 0 8 _waaaadap
_q12-1
856 4 _uhttp://nbn-resolving.de/urn/resolver.pl?urn=urn:nbn:de:bvb:12-bsb00045910-7
942 _cMG
040 _cRU-10907106
003 RU-10907106
999 _c46755
_d46755